000 00448cam a2200193ua 4500
001 10638
005 20260515114638.0
008 190323n ii |||gr||||Z||||||eng
020 _a9788170335221
040 _cMAIN
082 _a307.7
100 _aS L Doshi,
_eAuthor.
245 _aRural Sociology
260 _aJaipur:
_bRawat publications,
_c2016.
300 _a365p.
653 _aCommunities
700 _aP C Jain,
_eAuthor.
942 _cBK
999 _c9600
_d9600